书目信息 |
| 题名: |
国际经济学中的博弈论
|
|
| 作者: | 麦克米伦 , McMillan 著 ;高明 译 | |
| 分册: | ||
| 出版信息: | 北京 北京大学出版社 2004 |
|
| 页数: | 161页 | |
| 开本: | 20cm | |
| 丛书名: | 理论与应用经济学基础译丛 | |
| 单 册: | ||
| 中图分类: | F11-0 | |
| 科图分类: | ||
| 主题词: | 对策论--应用--国际经济学 , 对策论 , 国际经济学 | |
| 电子资源: | ||
| ISBN: | 7-301-06710-0 | |
| 000 | 01091oam2 2200313 450 | |
| 001 | 012007883563 | |
| 005 | 20070522141757.90 | |
| 010 | @a7-301-06710-0@dCNY15.00 | |
| 100 | @a20070515d2004 km y0chiy0120 ea | |
| 101 | 1 | @achi@ceng |
| 102 | @aCN@b110000 | |
| 105 | @ay z 001yy | |
| 106 | @ar | |
| 200 | 1 | @a国际经济学中的博弈论@Aguo ji jing ji xue zhong de bo yi lun@f(美)约翰·麦克米伦著@F(mei)yue han·mai ke mi lun zhu@g高明译@Ggao ming yi |
| 205 | @a第1版 | |
| 210 | @a北京@c北京大学出版社@d2004 | |
| 215 | @a161页@d20cm | |
| 225 | 2 | @a理论与应用经济学基础译丛 |
| 330 | @a本书以证明博弈论可以卓有成效地用于分析许多重要的实际政策问题为宗旨,覆盖国际经济学中广泛的问题,涉及动态博弈、关税均衡、关税与国外竞争等内容。 | |
| 461 | 0 | @12001 @a理论与应用经济学基础译丛 |
| 606 | 0 | @a对策论@x应用@x国际经济学 |
| 606 | 0 | @a对策论 |
| 606 | 0 | @a国际经济学 |
| 690 | @aF11-0@v4 | |
| 701 | 1 | @c(美)@a麦克米伦@Amai ke mi lun@b约翰@4著 |
| 701 | 1 | @c(美)@aMcMillan@bJohn@4著 |
| 702 | 0 | @a高明@Agao ming@c(经济学)@4译 |
| 801 | 0 | @aCN@bRULIN@c20070522 |
| 905 | @dF11-0@e119@s8 | |
| 国际经济学中的博弈论/(美)约翰·麦克米伦著/高明译.-第1版.-北京:北京大学出版社,2004 |
| 161页;20cm.-(理论与应用经济学基础译丛) |
| ISBN 7-301-06710-0:CNY15.00 |
| 本书以证明博弈论可以卓有成效地用于分析许多重要的实际政策问题为宗旨,覆盖国际经济学中广泛的问题,涉及动态博弈、关税均衡、关税与国外竞争等内容。 |
| ● |
| 相关链接 |
|
|
|
|
正题名:国际经济学中的博弈论
索取号:F11-0/119
 
预约/预借
| 序号 | 登录号 | 条形码 | 馆藏地/架位号 | 状态 | 备注 |
| 1 | 0575687 | 205756877 | 第一样本阅览室/ [索取号:F11-0/119] | 在馆 | |
| 2 | 0575688 | 205756886 | 第一借阅区/ [索取号:F11-0/119] | 在馆 | |
| 3 | 0575689 | 205756895 | 第一借阅区/ [索取号:F11-0/119] | 在馆 | |
| 4 | 0575690 | 205756902 | 第一借阅区/ [索取号:F11-0/119] | 在馆 | |
| 5 | 0575691 | 205756911 | 密集书库/ [索取号:F11-0/119] | 在馆 | |
| 6 | 0575692 | 205756920 | 第一借阅区/ [索取号:F11-0/119] | 在馆 | |
| 7 | 0575693 | 205756939 | 第一借阅区/ [索取号:F11-0/119] | 在馆 | |
| 8 | 0575694 | 205756948 | 第一借阅区/ [索取号:F11-0/119] | 在馆 |